000 00286nam a22001217a 4500
008 160613b xxu||||| |||| 00| 0 eng d
020 _a9780131136663
020 _a0131136666
041 _aeng
080 _a618.2
245 _aMedical surgical nursing:
_cLemone Burke;
942 _2udc
_cBK
999 _c2437
_d2437